| 000 | 00348nam a22001457a 4500 | ||
|---|---|---|---|
| 005 | 20260417105544.0 | ||
| 008 | 260417b |||||||| |||| 00| 0 eng d | ||
| 020 | _a978-93-93014-77-1 | ||
| 041 | _aeng | ||
| 100 |
_aBHUSHAn, SARIKA _99011 |
||
| 245 | _aAPNE-APNE DESH MEIN | ||
| 260 |
_aDELHI _bSURBHI PRAKASHAN _c2025 |
||
| 300 | _a108 | ||
| 942 | _cBK | ||
| 999 |
_c9116 _d9114 |
||